| 000 | 02851nam a22002177a 4500 | ||
|---|---|---|---|
| 005 | 20250703144455.0 | ||
| 008 | 250703b |||||||| |||| 00| 0 eng d | ||
| 040 | _cAL | ||
| 041 | _aKannada | ||
| 082 |
_a928K _bPRAH |
||
| 100 |
_aPrabhakara Shishila _9217058 |
||
| 100 |
_aಬಿ ಪ್ರಭಾಕರ ಶಿಶಿಲ _9217059 |
||
| 245 |
_aHadi Hareyada Hadi: nalkarinda hadinentaravaregina nenapugalu _bಹದಿ ಹರೆಯದ ಹಾದಿ: ನಾಲ್ಕರಿಂದ ಹದಿನೆಂಟರವರೆಗಿನ ನೆನಪುಗಳು |
||
| 260 |
_aBangalore _bVasantha Prakashana _c2022 |
||
| 300 |
_axvi,177 p. _bPB _c21x13.5cm. |
||
| 365 |
_b₹180.00 _c₹ _d₹180.00 |
||
| 520 | _a'ಹದಿ ಹರೆಯದ ಹಾದಿ'ಯಲ್ಲಿ ಶಿಶಿಲರ ನಾಲ್ಕನೇ ವರ್ಷದಿಂದ ಹಿಡಿದು ಹದಿನೆಂಟರ ವರೆಗಿನ ನೆನಪುಗಳಿವೆ. ಅವರ ಬದುಕಿನ ಈ ದಿನಗಳು ಕಲ್ಲುಮುಳ್ಳಿನ ಹಾದಿಯ ಬಹಳ ಸಂಕಷ್ಟದ ದಿನಗಳು. ಈ ಕಥನಕ್ಕೆ ಮೂಲ ಪ್ರೇರಣೆ ಅಮೆರಿಕನ್ ಲೇಖಕಿ ಲಾರಾ ಇಂಗಲ್ಸ್ ವೈಲ್ಡ್ರಳ ಎಂಟು ಅನುಭವ ಕಥನಗಳು ಎಂದು ಅವರೇ ಹೇಳಿಕೊಂಡಿದ್ದಾರೆ. ಕೇವಲ ವೈಯಕ್ತಿಕ ಅನುಭವಗಳ ಕಷ್ಟ ಕಾರ್ಪಣ್ಯಗಳ ನಿವೇದನೆಯಷ್ಟೇ ಆಗದೆ ಇನ್ನಿತರ ಆಯಾಮಗಳನ್ನು ಪಡೆದಿರುವುದು ಈ ಕೃತಿಯ ವಿಶೇಷತೆ. ಇಲ್ಲಿ ಭಾವಮಯವಾದ, ಹೃದಯಂಗಮವಾದ, ಕಂಬನಿ ತುಳುಕಿಸುವಂಥ ಅನೇಕ ಸಾಲುಗಳೂ ಸಂದರ್ಭಗಳೂ ಇರುವಂತೆಯೇ ತಡೆಯಿಲ್ಲದಂತಹ ನಗುವನ್ನು ಉಕ್ಕಿಸುವ ಪ್ರಸಂಗಗಳೂ ವಿಪುಲವಾಗಿವೆ. ಶಿಶಿಲ ಪರಿಸರದ ಕಾಡು, ನದಿ, ಹೊಳೆ, ಬೆಟ್ಟಗುಡ್ಡ, ಪ್ರಾಣಿ ಪಕ್ಷಿಗಳ ವೈವಿಧ್ಯ, ಅಲ್ಲಿನ ಸಾಮಾಜಿಕ, ಸಾಂಸ್ಕೃತಿಕ ಬದುಕು, ಆಚಾರ ವಿಚಾರಗಳು, ಆಹಾರ ವಿಶೇಷಗಳ ವಿವರಗಳು ಈ ಕಥನಕ್ಕೆ ಪ್ರಾದೇಶಿಕತೆಯ ಸತ್ವವನ್ನು ತುಂಬಿವೆ. ಸಾಂದರ್ಭಿಕವಾಗಿ ದಾಖಲಾಗಿರುವ ಸ್ಥಳ ಪುರಾಣಗಳು, ಐತಿಹ್ಯಗಳು ನಮ್ಮ ಜನಪದರ ಕಲ್ಪನಾ ಸಾಮರ್ಥ್ಯ ಹಾಗೂ ಜಾಗೆ ಸಾಕ್ಷಿಯಂತಿವೆ. | ||
| 650 |
_aMemories of younger days _9217036 |
||
| 650 |
_aBiography _9217037 |
||
| 942 |
_2ddc _cDB |
||
| 999 |
_c234578 _d234578 |
||